| 000 | 00499nam a22001697a 4500 | ||
|---|---|---|---|
| 003 | SGT | ||
| 020 | _a9789385401749 | ||
| 082 | _a330.954 | ||
| 100 | _aDATT,GAURAV | ||
| 245 | _aINDIAN ECONOMY | ||
| 250 | _a71ST | ||
| 260 |
_aNEW DELHI _bS,CHAND _c2015 |
||
| 300 | _a1066 | ||
| 650 | _aECONOMICS | ||
| 653 | _aSTRUCTURE OF THE INDIAN ECONOMY,PLANNING AND ECONOMICS DEVELOPMENT,AGRICULTURE IN THE NATIONAL ECONOMY,INDIAN INDUSTRIES,THE TERTIARY SECTOR IN THE INDIAN ECONOMY, | ||
| 942 |
_2ddc _cFCM _01 |
||
| 999 |
_c8951 _d8951 |
||